|
|
|
|
| LEADER |
00000nam a2200000 i 4500 |
| 001 |
DIGUCCH0088 |
| 003 |
NyNyDIG |
| 008 |
200715s2012 cl d ob 000 0 spa d |
| 006 |
m o d |
| 007 |
cr ||||||||||| |
| 035 |
|
|
|a (OCoLC)855906449
|
| 040 |
|
|
|a DGITA
|b eng
|e rda
|e pn
|c DGITA
|
| 020 |
|
|
|z 9789561412651
|
| 020 |
|
|
|z 9561412659
|
| 050 |
1 |
4 |
|a JS113 ebook
|
| 082 |
0 |
4 |
|a 320.8
|
| 100 |
1 |
|
|a Letelier S., Leonardo,
|e author.
|
| 245 |
1 |
0 |
|a Teoría y práctica de la descentralización fiscal /
|c Leonardo E. Letelier Saavedra.
|
| 264 |
|
1 |
|a Santiago, Chile :
|b Ediciones UC,
|c [2012]
|
| 300 |
|
|
|a 1 online resource. :
|b graphs.
|
| 336 |
|
|
|a text
|b txt
|2 rdacontent
|
| 337 |
|
|
|a computer
|b c
|2 rdamedia
|
| 338 |
|
|
|a online resource
|b cr
|2 rdacarrier
|
| 347 |
|
|
|a text file
|2 rdaft
|
| 347 |
|
|
|b PDF
|
| 504 |
|
|
|a Includes bibliographical references.
|
| 588 |
0 |
|
|a Online resource; title from PDF title page (Digitalia, viewed July 25, 2020)
|
| 650 |
|
0 |
|a Decentralization in government.
|
| 650 |
|
0 |
|a Finance, Public.
|
| 650 |
|
0 |
|a Political science
|x Economic aspects.
|
| 650 |
|
0 |
|a Fiscal policy.
|
| 655 |
|
0 |
|a Electronic books.
|
| 791 |
2 |
|
|a Digitalia (Firm),
|e distributor.
|
| 793 |
0 |
|
|g Digitalia eBook Collection:
|a Universidad Católica de Chile
|
| 776 |
0 |
8 |
|i Print version:
|a Letelier S., Leonardo.
|t Teoría y práctica de la descentralización fiscal.
|d Santiago, Chile : Ediciones UC, [2012]
|z 9789561412651
|w (OCoLC)1124674032
|
| 856 |
4 |
0 |
|3 Digitalia Hispánica
|u https://www.digitaliapublishing.com/a/38278/
|
| 910 |
|
|
|a Premium collection: 2020
|